| 000 | 01250nam a2200301Ia 4500 | ||
|---|---|---|---|
| 008 | 130821s1888 fr gr spa | ||
| 040 |
_aCo-BoUCM _bspa |
||
| 041 | 0 | _afre | |
| 092 | _aE12N014 | ||
| 100 | 1 |
_aGaboriau, Emile _d1832-1873 |
|
| 245 | 1 | 3 |
_aLes esclaves de París _cpar Émile Gaboriau |
| 246 | 1 | 3 |
_a[Los esclavos de París _nParte II _pEl secreto de Champdoce. |
| 250 | _aDiciéme édition [10a ed.] | ||
| 260 |
_aParís (Francia) _bE. Dentu _c1888 |
||
| 300 | _a2v. (500 páginas) | ||
| 500 | _aColección incompleta, falta V.1 de esta edición. | ||
| 500 | _aDetalles físicos: Encuadernación rígida de primera calidad en cartón forrado en papel jaspeado, en buen estado de conservación. Lomo de piel roja, con nervaduras sobre costuras y letras doradas. Leve daño es esquinas. Guardas en papel de agua. P | ||
| 505 | _aV.2: Capítulos 1 al 35. | ||
| 506 | _aConsulta en sala. | ||
| 546 | _aTexto en francés. | ||
| 650 |
_aLiteratura francesa _ySiglo XIX _97794 |
||
| 650 |
_aNovela francesa _ySiglo XIX _920506 |
||
| 650 |
_aNovela policiaca _zFrancia _ySiglo XIX _920557 |
||
| 700 | 1 |
_aDentu, E. _eed. |
|
| 700 | 1 |
_aNoizette _eimp. |
|
| 942 |
_cLIBRO _a18 _e10 _2DEWEY _h843.8 |
||
| 999 |
_c74558 _d74558 |
||